Vista normal
Vista MARC
Entrada Personal Name
Número de registros utilizados en: 2
001 - CONTROL NUMBER
- control field: 2572
003 - CONTROL NUMBER IDENTIFIER
- control field: OSt
005 - DATE AND TIME OF LATEST TRANSACTION
- control field: 20230613170316.0
008 - FIXED-LENGTH DATA ELEMENTS
- fixed length control field: 230613|| aca||aabn | a|a d
040 ## - CATALOGING SOURCE
- Original cataloging agency: OSt
- Transcribing agency: OSt
100 ## - HEADING--PERSONAL NAME
- Personal name: Flaubert, Gustrave
- Dates associated with a name: 1821-1880
- General subdivision: Critica e interpretación
670 ## - SOURCE DATA FOUND
- Source citation: Work cat.: (OSt)5655: Flaubert, Gustave 1821-1880 autor 2571, Madame Bovary